000 01069nam a2200205 4500
999 _c63791
_d63791
003 Ge_BSU
005 20260114185900.0
008 260114s1983 ge ||||| |||| 00| 0 geo d
041 _ageo
080 _a911.3:33(47+57)(075.3) ს-13
100 _aსტროევი, კ.ფ
_926636
245 _aსსრ კავშირის ეკონომიკური გეოგრაფია :
_bსაშ. სკოლის VIII კლ. სახელმძღვ. /
_c კ.ფ. სტროევი, მ.კ. კოვალევსკაია, ვ.ი. რომი.
250 _aმე-6 გადამუშ. გამოცემა
264 _aთბ. :
_bგანათლება,
_c1983.
300 _a299 გვ. :
_b ილ. ;
_c21 სმ.
653 _aსსრ კავშირის ეკონომიკური გეოგრაფია
700 _aკოვალევსკაია, მ.კ.
_eავტორი
_926282
700 _aრომი, ვ.ი.
_eავტორი
_926283
942 _2udc
_cᲬᲘᲒᲜᲘ